|
|
|
|
| LEADER |
00000nam0a2200000 4500 |
| 001 |
321347 |
| 005 |
20231102003350.0 |
| 035 |
|
|
|a (RuTPU)RU\TPU\book\346901
|
| 090 |
|
|
|a 321347
|
| 100 |
|
|
|a 20160824d1972 k y0rusy50 ca
|
| 101 |
0 |
|
|a rus
|
| 102 |
|
|
|a RU
|
| 105 |
|
|
|a a z 000zy
|
| 200 |
1 |
|
|a Два процесса в одном реакторе (Сопряжение реакций на мембранных катализаторах)
|f В. М. Грязнов, В. С. Смирнов
|
| 210 |
|
|
|a Москва
|c Знание
|d 1972
|
| 215 |
|
|
|a 48 с.
|c ил.
|
| 225 |
1 |
|
|a Новое в жизни, науке, технике. Серия "Химия"
|v № 4
|
| 606 |
1 |
|
|a Химические реакции, сопряженные
|2 stltpush
|3 (RuTPU)RU\TPU\subj\70709
|9 84914
|
| 610 |
1 |
|
|a мембранные катализаторы
|
| 610 |
1 |
|
|a сопряжение
|
| 610 |
1 |
|
|a катализ
|
| 610 |
1 |
|
|a библиотека А. Г. Стромберга
|
| 675 |
|
|
|a 544.431
|v 3
|
| 700 |
|
1 |
|a Грязнов
|b В. М.
|g Владимир Михайлович
|
| 701 |
|
1 |
|a Смирнов
|b В. С.
|g Виктор Сергеевич
|
| 801 |
|
1 |
|a RU
|b 63413507
|c 20160824
|
| 801 |
|
2 |
|a RU
|b 63413507
|c 20171005
|g RCR
|
| 942 |
|
|
|c BK
|